Rozhodnuté: V Košiciach netreba kominárov

Slovensko ako jedna z krajín s najvyšším počtom nezamestnaných mladých ľudí v Európe. Schválenie návrhu rezortu školstva, aby o počte tried v prvom ročníku v stredoškolských odboroch rozhodovali samosprávne kraje. Prognózovanie a predvídanie potreby zamestnávateľov. Tendencie vývoja trhu práce. Med...

Full description

Saved in:
Bibliographic Details
Main Author: Sibyla, Pavel
Format: Book Chapter
Language:Slovak
Subjects:
Tags: Add Tag
No Tags, Be the first to tag this record!

MARC

LEADER 00000naa a2200000 4500
001 0178087
005 20231113081336.8
041 0 |a slo 
044 |a SK 
245 1 0 |a Rozhodnuté: V Košiciach netreba kominárov  |c Pavel Sibyla 
520 |a Slovensko ako jedna z krajín s najvyšším počtom nezamestnaných mladých ľudí v Európe. Schválenie návrhu rezortu školstva, aby o počte tried v prvom ročníku v stredoškolských odboroch rozhodovali samosprávne kraje. Prognózovanie a predvídanie potreby zamestnávateľov. Tendencie vývoja trhu práce. Medián hrubej mzdy v profesiách. 
610 2 0 |a trh práce 
610 2 0 |a zamestnanosť 
610 2 0 |a nezamestnanosť 
610 2 0 |a remeslá 
610 2 0 |a povolania 
610 2 0 |a mzdy 
610 2 0 |a školstvo 
610 2 0 |a školy stredné odborné 
610 2 0 |a prognózovanie 
610 2 0 |a prognózy 
610 2 0 |a Slovensko 
100 1 |a Sibyla, Pavel